000 00411nam a22001577a 4500
999 _c2216
_d2216
008 200217b ||||| |||| 00| 0 eng d
082 0 0 _a621.3
_bD269
100 _91563
_aDawes,Chester L.
245 1 0 _aIndustrial electricity, Part_1
_cby Chester L Dawes
250 _a2nd
260 _aNew York
_bMcGraw-Hill
_c1939
300 _axvii,387p.
365 _d18.00
650 0 _aElectrical Engineering
942 _cBK